000 00428nam a2200157Ia 4500
008 230718s9999 xx 000 0 und d
041 _aeng
082 _a621.395
_bABR
100 _aAbramovici M.
245 _aDigital Systems Testing And Testable Design
260 _c2006
_bJaico Publishing House
300 _a652
365 _cRs.
_b300.00
700 _aAbramovici M., Breuer M.A. & Friedman A.D.
906 _d3354
_cETC
999 _c315470
_d315470